Recopilación de leyes por orden numérico con índices numérico, temático y de notas
Saved in:
| Corporate Author: | |
|---|---|
| Format: | Book |
| Language: | Spanish |
| Published: |
Santiago
Contraloría General de la República
1982
|
| Subjects: | |
| Tags: |
Add Tag
No Tags, Be the first to tag this record!
|
MARC
| LEADER | 00000nam a2200000 a 4500 | ||
|---|---|---|---|
| 001 | UCR0694 | ||
| 003 | CL-VaPUC | ||
| 008 | 971205e19820000CL |||||||||||||||||spa|d | ||
| 082 | 0 | 4 | |a 348.022 |b CON |2 21 |
| 110 | 2 | |a Contraloría General de la República |e author |9 396787 | |
| 245 | 1 | 0 | |a Recopilación de leyes por orden numérico con índices numérico, temático y de notas |
| 300 | |a t | ||
| 942 | |c BK | ||
| 945 | |d 19971205 00:00:00 |a lriquelm | ||
| 260 | |a Santiago |b Contraloría General de la República |c 1982 | ||
| 500 | |a Contiene: desde la ley 18.161, de 6 de Septiembre de 1982, a la ley 18.194, de 30 de Diciembre de 1982 | ||
| 500 | |a Donación profesor Fernando Recio Olguín | ||
| 650 | 7 | |a LEGISLACION |2 CL-VaPUC |9 396788 | |
| 650 | 0 | |a Leyes |9 256670 | |
| 650 | 7 | |a FUENTES |2 CL-VaPUC |9 255666 | |
| 650 | 7 | |a DERECHO CHILENO |2 CL-VaPUC |9 396789 | |
| 650 | 7 | |a DECRETO LEY |2 CL-VaPUC |9 382553 | |
| 650 | 7 | |a DECRETOS SUPREMOS |2 CL-VaPUC |9 396008 | |
| 650 | 7 | |a DECRETO CON FUERZA DE LEY |2 CL-VaPUC |9 358086 | |
| 650 | 0 | |a Tratados internacionales |9 256056 | |
| 650 | 7 | |a PROTOCOLOS |2 CL-VaPUC |9 386841 | |
| 650 | 0 | |a Acuerdos internacionales |9 337381 | |
| 583 | |a last modification |c 20140410 10:03:01 |k Rodrigo Vera | ||
| 999 | |c 264193 |d 264191 | ||
| 952 | |0 0 |1 0 |4 0 |6 348_022000000000000_CON_1982 |7 0 |8 F |9 294120 |a BIBDER |b BIBDER |d 2019-11-19 |h t.81 |i 1911171 |o 348.022 CON 1982 |p 1911171 |r 2023-01-25 |w 2019-11-19 |y BK_F |k DER | ||
| 952 | |0 0 |1 0 |4 0 |6 348_022000000000000_CON_1982 |7 0 |8 X |9 294121 |a BIBHIS |b BIBHIS |d 2019-11-19 |h t.81 |i 212890K |o 348.022 CON 1982 |p 212890K |r 2024-01-30 |w 2019-11-19 |y BK_X |k HIS | ||